=LDR 00000nam 2200000 4500 =001 INLIS000000000035600 =005 20130612141438 =008 ***********************************ind** =035 ##$$0010-061300000035600 =041 ##$$a ind =082 ##$$a 342.03 =090 ##$$a 342.03, Ari h =100 ##$$a Aristeus,Syprianus =245 ##$$a Hukum Nasional pasca amandemen Undang-undang Dasar 1945/ Syprianus Aristeus =260 ##$$a 2009 $b Jakarta =300 ##$$a x,136 hlm., 21 cm =650 ##$$a Hukum Tata Negara - Amandemen =850 ##$$a NBPNMAT